000 00769ntaaa2200253 4500
003 01
005 20251027200726.0
008 0714s1973 ag 01
020 _a9502202791
040 _aAR-BaBN
_bspa
_cAR-BaBN
_eaacr
_dRIC
082 _a780.15 M29r
100 _aFurnó, Silvia
_93619
245 _aResonancias /
_cSilvia Furnó, Susana Espinosa, Silvia Malbrán
250 _a1 ed.
260 _aBuenos Aires :
_bRicordi,
_c1988
300 _a v ;
_cgrfs,; 28 cm
500 _aConsta de: Guia de enseñanza, Libro 1: Fuentes sonoras. Libro 2 Estudio experimental del sonido
650 _aMusica
650 _aEducacion Musical
650 _aApreciacion Musical
_9842
700 _aEspinosa, Susana
_93620
700 _aMalbrán, Silvia
_93621
942 _cBK
999 _c1665
_d1665